[Event "Czech Open A"]
[Site "Pardubice CZE"]
[Date "2006.07.29"]
[Round "9"]
[White "Dinger,F"]
[Black "Kanovsky,D"]
[Result "1-0"]
[WhiteElo "2259"]
[BlackElo "2368"]

1.e4 c5 2.Nf3 e6 3.d4 cxd4 4.Nxd4 a6 5.Bd3 Qc7 6.O-O g6 7.c4 Bg7 8.Be3 Nf6
9.Nc3 O-O 10.Rc1 d6 11.Be2 Nbd7 12.f3 b6 13.b4 Bb7 14.Qb3 Rfe8 15.Rfd1 Rac8
16.Ndb5 axb5 17.Nxb5 Qb8 18.Nxd6 Bf8 19.Nxe8 Rxe8 20.a4 Bc6 21.c5 bxc5 22.b5 Ba8
23.a5 Bd6 24.h3 Bh2+ 25.Kh1 Qg3 26.Bf2 Qg5 27.b6 Bc6 28.a6 Nh5 29.b7 Ng3+
30.Bxg3 Bxg3 31.Rc3 Bb8 32.Rxd7 Bxd7 33.Qb6 Bg3 34.Qxc5 Qd2 35.Rc1 Bb5  1-0

[Event "MTO Open"]
[Site "Biel SUI"]
[Date "2006.07.30"]
[Round "6"]
[White "Klovans,J"]
[Black "Pikula,D"]
[Result "1/2-1/2"]
[WhiteElo "2433"]
[BlackElo "2545"]

1.e4 c5 2.Nf3 e6 3.d4 cxd4 4.Nxd4 a6 5.Bd3 Nf6 6.O-O d6 7.c4 b6 8.Nc3 Bb7
9.f4 g6 10.Nf3 Bg7 11.e5 dxe5 12.fxe5 Nfd7 13.Ne4 Bxe4 14.Bxe4 Ra7 15.Bf4 O-O
16.Qe2 Qc8 17.Kh1 Rc7 18.b3 Nc5 19.Bc2 Nc6 20.Rad1 Rd8 21.a3 a5 22.h4 Rcd7
23.Rxd7 Rxd7 24.h5 Qd8 25.Qf2 Nd3 26.Bxd3 Rxd3 27.Ng5 Rd1 28.hxg6 hxg6 29.Rxd1 Qxd1+
30.Kh2 Qh5+ 31.Kg1 Bxe5 32.Bxe5 Nxe5 33.Qf4 Qd1+ 34.Kh2 Qe2 35.Ne4 Ng4+ 36.Kg3 Ne3
37.Qb8+ Kh7 38.Nf6+ Kg7 39.Ne8+ Kh7 40.Nf6+ Kg7 41.Ne8+ Kh7 42.Nf6+  1/2-1/2

[Event "15th Open A"]
[Site "Vienna AUT"]
[Date "2006.07.31"]
[Round "3"]
[White "Pichler,A"]
[Black "Holzer,G"]
[Result "1/2-1/2"]
[WhiteElo "2072"]
[BlackElo "2251"]

1.e4 c5 2.Nf3 e6 3.d4 cxd4 4.Nxd4 a6 5.Bd3 Qc7 6.c3 e5 7.Nb3 Nf6 8.O-O Be7
9.Bg5 d6 10.Bxf6 Bxf6 11.c4 Be6 12.Qe2 Nd7 13.Nc3 O-O 14.Nd5 Bxd5 15.cxd5 Bg5
16.Nd2 Bxd2 17.Qxd2 Qb6 18.Rac1 Rfc8 19.Be2 Rxc1 20.Rxc1 a5 21.Rc4 Nc5 22.Qc2 Qd8
23.Rc3 h6 24.g3 Qd7 25.Kg2 Rf8 26.f3 g6 27.f4 Qe7 28.Bf3 b6 29.Qd2 Kg7 30.fxe5 Qxe5
31.Qf4 Re8 32.Qxe5+ Rxe5 33.Rc4 b5 34.Rd4 b4 35.b3 Re7 36.Kf2 Kf6 37.Ke3 Ke5
38.Rc4 Rb7 39.Kd2 Rb8 40.h3 h5 41.Ke3 Rh8 42.h4 Rg8 43.Rc2 Rb8 44.Rc4 Rb7
45.Bd1 Rc7 46.Be2 f6 47.Rc2 Rb7 48.Rc4 Rh7 49.Bf3 Re7 50.Rc2 Rc7 51.Be2 Re7  1/2-1/2

[Event "15th Open A"]
[Site "Vienna AUT"]
[Date "2006.07.31"]
[Round "3"]
[White "Baumegger,S"]
[Black "Vonthron,H"]
[Result "1-0"]
[WhiteElo "2411"]
[BlackElo "2310"]

1.e4 c5 2.Nf3 e6 3.d4 cxd4 4.Nxd4 a6 5.Bd3 Bc5 6.Nb3 Ba7 7.Nc3 Nc6 8.Qe2 d6
9.Be3 Bxe3 10.Qxe3 Nf6 11.O-O-O O-O 12.f4 e5 13.f5 a5 14.Bb5 Na7 15.Be2 b5
16.Bxb5 Nxb5 17.Nxb5 a4 18.Nd2 d5 19.exd5 Ba6 20.Nc3 Nxd5 21.Nxd5 Qxd5 22.Kb1 Rfb8
23.Ne4 Qb7 24.b3 f6 25.Rd2 Qc6 26.Rhd1 Bb7 27.Nd6 h6 28.g4 Qf3 29.Qc5 axb3
30.axb3 Kh7 31.Rd3 Qf4 32.h4 Ba6 33.R3d2 e4 34.g5 fxg5 35.hxg5 Qxg5 36.Nxe4 Qf4
37.Qe7 Kh8 38.f6 Rg8 39.Rd7 Be2 40.fxg7+ Kh7 41.Nf6+ Kg6 42.Rg1+  1-0

[Event "15th Open A"]
[Site "Vienna AUT"]
[Date "2006.08.03"]
[Round "6"]
[White "Sepetavc,W"]
[Black "Kuciel,W"]
[Result "1-0"]
[WhiteElo "2056"]
[BlackElo "2181"]

1.e4 c5 2.Nf3 e6 3.d4 cxd4 4.Nxd4 a6 5.Bd3 Bc5 6.Nb3 Be7 7.O-O Qc7 8.Nc3 Nf6
9.f4 d6 10.Qf3 b5 11.e5 Bb7 12.Qg3 Nh5 13.Qg4 g6 14.Be3 dxe5 15.fxe5 Nc6
16.Rxf7 Kxf7 17.Rf1+ Ke8 18.Qxe6 Qxe5 19.Qf7+ Kd8 20.Bb6+ Kc8 21.Nd5 Rf8
22.Nxe7+ Nxe7 23.Qxf8+ Kd7 24.Qf2 Nd5 25.Bd4 Qg5 26.Nc5+  1-0

[Event "17th Jozef Kochan Mem"]
[Site "Koszalin POL"]
[Date "2006.08.04"]
[Round "1"]
[White "Andrzejewska,E"]
[Black "Kveinys,A"]
[Result "1/2-1/2"]
[WhiteElo "2213"]
[BlackElo "2546"]

1.e4 c5 2.Nf3 e6 3.d4 cxd4 4.Nxd4 a6 5.Bd3 Nf6 6.O-O Qc7 7.f4 Bc5 8.c3 d6
9.Kh1 Nbd7 10.Nd2 b5 11.N2f3 Bb7 12.Qe2 g6 13.e5 Nh5 14.f5 Nxe5 15.fxe6 f6
16.Be4 d5 17.Bc2 Bd6 18.Nh4 O-O 19.Nhf5 Bc5 20.Bh6 Rfe8 21.g4 gxf5 22.gxh5 Kh8
23.Bxf5 Rg8 24.Bh3 Be7 25.Rg1  1/2-1/2

[Event "15th Open A"]
[Site "Vienna AUT"]
[Date "2006.08.05"]
[Round "8"]
[White "Lenz,A"]
[Black "Ganaus,H"]
[Result "0-1"]
[WhiteElo "2196"]
[BlackElo "2318"]

1.e4 c5 2.Nf3 e6 3.d4 cxd4 4.Nxd4 a6 5.Bd3 Bc5 6.Nb3 Be7 7.Nc3 Nc6 8.O-O d6
9.a4 b6 10.Qg4 g6 11.Qe2 Qc7 12.f4 Nf6 13.f5 Nd7 14.Bh6 Nde5 15.f6 Bf8 16.Be3 h5
17.Qf2 Ng4 18.Qe2 Nxe3 19.Qxe3 Bh6 20.Qe2 Ne5 21.Nd2 Qc5+ 22.Kh1 Qe3 23.Nc4 Nxc4
24.Bxc4 Qxe2 25.Bxe2 Bb7 26.Ra3 Kd7 27.Rb3 Kc7 28.Bf3 Bc6 29.g3 Rhb8 30.Kg2 b5
31.a5 Rd8 32.Ne2 Bd2 33.c3 e5 34.h4 Bd7 35.Nc1 Be6 36.Ra3 Bxc1 37.Rxc1 Kd7
38.Kf2 Rdc8 39.Raa1 Rc6 40.Ke3 Rac8 41.Rd1 Bg4 42.Rd2 Bxf3 43.Kxf3 Ke6 44.Rad1 Rd8
45.Ke3 Kxf6 46.Rf2+ Kg7 47.Rdf1 Rd7 48.Rd1 Re7 49.Rfd2 Re6 50.Kf3 f5 51.Ke3 Rf6
52.Rf1 Kf7 53.Rdf2 Ke6 54.Rd2 Rc4 55.exf5+ gxf5 56.Rfd1 Ke7 57.Rf1 Re4+ 58.Kd3 Rg4  0-1

[Event "15th Open A"]
[Site "Vienna AUT"]
[Date "2006.08.05"]
[Round "8"]
[White "Klein,G"]
[Black "Pichler,A"]
[Result "0-1"]
[WhiteElo "1994"]
[BlackElo "2072"]

1.e4 c5 2.Nf3 e6 3.d4 cxd4 4.Nxd4 a6 5.Bd3 Bc5 6.Nb3 Ba7 7.Qe2 Nc6 8.O-O d6
9.c4 Nf6 10.Nc3 O-O 11.Bg5 Nd4 12.Nxd4 Bxd4 13.Rac1 Qa5 14.Be3 Bxe3 15.Qxe3 Ng4
16.Qg3 Ne5 17.Be2 Qb4 18.b3 Bd7 19.c5 Rac8 20.cxd6 Qxd6 21.Rfd1 Qc7 22.f4 Ng6
23.e5 Qb6+ 24.Kh1 Bc6 25.Bf3 Rfd8 26.Bxc6 Qxc6 27.Rxd8+ Rxd8 28.h3 h6 29.Qe3 Nh4
30.Qf2 Nf5 31.Ne2 Qd5 32.Nc3 Qd4 33.Qxd4 Rxd4 34.Na4 Rxf4 35.Rc8+ Kh7 36.Rc7 h5
37.Nc5 Ng3+ 38.Kh2 h4 39.Nd3 Rd4 40.Nf2 Kg6 41.Rc4 Rxc4 42.bxc4 Nf1+ 43.Kg1 Nd2
44.c5 Kf5 45.Nd3 Nc4 46.c6 bxc6 47.Nb4 a5 48.Nxc6 a4 49.Nd4+ Kxe5 50.Nf3+ Kf4
51.Kf2 g5 52.Ke2 f6 53.Nd4 e5 54.Ne6+ Kg3 55.Kf1 Ne3+ 56.Kg1 Nxg2 57.a3 Ne3
58.Nc5 Nc4 59.Nxa4 Nxa3 60.Nc3 f5 61.Nd5 Kxh3 62.Ne3 f4 63.Nd1 Kg3 64.Nf2 Kf3
65.Nd3 e4 66.Ne5+ Ke2 67.Nf7 f3 68.Kh2 f2  0-1

[Event "107th Annual US Open"]
[Site "Chicago USA"]
[Date "2006.08.06"]
[Round "2"]
[White "Pasalic,M"]
[Black "Kleist,F"]
[Result "0-1"]
[WhiteElo "2413"]
[BlackElo "2135"]

1.e4 c5 2.Nf3 e6 3.d4 cxd4 4.Nxd4 a6 5.Bd3 Nc6 6.Nxc6 dxc6 7.O-O e5 8.Nd2 Nf6
9.Nc4 Qc7 10.Be3 Be6 11.Bb6 Qb8 12.Qf3 Nd7 13.Rfd1 Be7 14.Ba5 b5 15.Ne3 g6
16.b4 O-O 17.c4 Rc8 18.c5 Nf8 19.Bc2 Re8 20.Qg3 Kh8 21.a4 Ra7 22.Bb6 Rb7
23.a5 Rd7 24.h3 f6 25.Qf3 Kg7 26.Rxd7 Nxd7 27.Rd1 Nf8 28.Rd2 Bf7 29.Qd1 Be6
30.Bd3 Qc8 31.Qc2 Bf7 32.Be2 Be6 33.Bg4 Kf7 34.g3 Kg7 35.Kg2 Kf7 36.Qd1 Kg7
37.Bxe6 Qxe6 38.Bc7 Kf7 39.Nf5 Rc8  0-1

[Event "San Agustin Open"]
[Site "Aviles ESP"]
[Date "2006.08.07"]
[Round "3"]
[White "Ocnarescu,V"]
[Black "Grecescu,G"]
[Result "0-1"]
[WhiteElo "2177"]
[BlackElo "2395"]

1.e4 c5 2.Nf3 e6 3.d4 cxd4 4.Nxd4 a6 5.Bd3 Qc7 6.O-O Nf6 7.c4 Be7 8.Nc3 d6
9.Be3 O-O 10.Qe2 Nbd7 11.Rac1 b6 12.f3 Bb7 13.a3 Rac8 14.b4 Ne5 15.Nb3 Nfd7
16.Na4 Bc6 17.Nb2 Qb8 18.Rfd1 Rfe8 19.Bb1 Bd8 20.Ba2 Bc7 21.Kh1 Nf6 22.Nd4 Bb7
23.Nd3 Ng6 24.Bg1 d5 25.exd5 exd5 26.Qf2 dxc4 27.Bxc4 Ne5 28.Re1 Nxc4 29.Rxc4 Rxe1
30.Qxe1 Re8 31.Qc1 Nd5 32.Nf5 Bd8 33.Rg4 g6 34.Qa1 f6 35.Qa2 Kf8 36.Ng3 Qc8
37.Re4 Qd7 38.Rxe8+ Qxe8 39.Ne4 Qc6 40.Qd2 g5 41.Bf2 Kf7 42.Nxg5+ Kg8 43.Ne4 f5
44.Ng3 Qf6 45.Qb2 Qxb2 46.Nxb2 f4 47.Ne2 a5 48.bxa5 bxa5 49.Bc5 Ba6 50.Nc1 Kf7
51.Nbd3 Ke6 52.g3 Bc7 53.Bf2 Bc4 54.Nc5+ Kd6 55.N1d3 Kc6 56.Nxf4 Nxf4 57.gxf4 Bxf4
58.Ne4 Bd5 59.Be1 Kb6 60.Bf2+ Kb5 61.Nc3+ Kc4 62.Nxd5 Kxd5 63.Be1 a4 64.Bb4 Kc4
65.Kg2 Kb3 66.Kh3 Bc1 67.Bd6 Bxa3 68.Be5 Bb4 69.f4 a3 70.f5 Kc4 71.Kg4 Kd5
72.Bg7 Bd2 73.Kf3 Bc1 74.Bf8 a2 75.Bg7 h5 76.Ba1 Bg5 77.h3 Kd6 78.Bc3 Ke7
79.Ke4 Bf6  0-1

[Event "107th Annual US Open"]
[Site "Chicago USA"]
[Date "2006.08.08"]
[Round "4"]
[White "Cao,T"]
[Black "Sarkar,J"]
[Result "0-1"]
[WhiteElo "2132"]
[BlackElo "2375"]

1.e4 c5 2.Nf3 e6 3.d4 cxd4 4.Nxd4 a6 5.Bd3 Bc5 6.Nb3 Be7 7.O-O d6 8.c4 Nd7
9.Nc3 b6 10.Be3 Ngf6 11.f4 Bb7 12.Qf3 Qc7 13.Rac1 h5 14.h3 h4 15.Rfe1 Nc5
16.Nxc5 dxc5 17.Qf2 O-O-O 18.Bb1 Nd7 19.a3 g5 20.e5 Rdg8 21.Be4 Bxe4 22.Nxe4 gxf4
23.Bxf4 Rh5 24.Rcd1 Rf5 25.Qe3 Nxe5 26.Ng3 Rxg3 27.Bxg3 hxg3 28.Rf1 Nxc4
29.Qe4 Rxf1+ 30.Kxf1 Nd6 31.Qa8+ Kd7 32.Qxa6 Bf6 33.Qa4+ Ke7 34.Qf4 Bxb2
35.Qxg3 c4 36.Qg5+ Bf6 37.Qd2 c3 38.Qc2 Nf5 39.Rd3 Qf4+ 40.Ke2 Nd4+ 41.Rxd4 Bxd4
42.Qa4 Qe3+  0-1

[Event "17th Jozef Kochan Mem"]
[Site "Koszalin POL"]
[Date "2006.08.10"]
[Round "7"]
[White "Dukaczewski,P"]
[Black "Jozwicki,J"]
[Result "1-0"]
[WhiteElo "2344"]
[BlackElo "2207"]

1.e4 c5 2.Nf3 e6 3.d4 cxd4 4.Nxd4 a6 5.Bd3 Bc5 6.Nb3 Ba7 7.O-O Nc6 8.Qe2 Nge7
9.Be3 Bxe3 10.Qxe3 O-O 11.f4 f6 12.c4 b6 13.Nc3 Qc7 14.Rac1 Bb7 15.Rfd1 Rad8
16.Be2 Kh8 17.g3 Ba8 18.a3 Qb7 19.Rd6 f5 20.Rcd1 fxe4 21.Qxe4 Nf5 22.R6d2 d5
23.cxd5 exd5 24.Rxd5 Rxd5 25.Rxd5 Qc8 26.Bxa6 Qxa6 27.Rxf5 Rb8 28.Rf7 Qc8
29.Qf5 Qe8 30.Ne4 Rd8 31.Kf2 Nd4 32.Nxd4 Bxe4 33.Qe6 Qg8 34.Re7 Bg6 35.Qxg8+ Kxg8
36.Ke3 Kf8 37.Re5 Rd6 38.f5 Bf7 39.Ne6+  1-0

[Event "ch-Euro Senior"]
[Site "Davos SUI"]
[Date "2006.08.11"]
[Round "7"]
[White "Gruzmann,B"]
[Black "Shestoperov,A"]
[Result "1/2-1/2"]
[WhiteElo "2309"]
[BlackElo "2411"]

1.e4 c5 2.Nf3 e6 3.d4 cxd4 4.Nxd4 a6 5.Bd3 Nf6 6.O-O Qc7 7.Kh1 Bc5 8.Nb3 Be7
9.f4 d6 10.a4 b6 11.Nc3 Bb7 12.f5 e5 13.Bg5 Nbd7 14.Qe2 h6 15.Bd2 O-O 16.Rf3 Rfc8
17.Rg3 Kf8 18.Nc1 d5 19.exd5 Nxd5 20.Nxd5 Bxd5 21.Na2 Nc5 22.Nc3 Bb7 23.Rf1 Bf6
24.b4 Nxd3 25.cxd3 Qd6 26.Ne4  1/2-1/2

[Event "17th Jozef Kochan Mem"]
[Site "Koszalin POL"]
[Date "2006.08.11"]
[Round "8"]
[White "Jozwicki,J"]
[Black "Palosz,A"]
[Result "0-1"]
[WhiteElo "2207"]
[BlackElo "2139"]

1.e4 c5 2.Nf3 e6 3.d4 cxd4 4.Nxd4 a6 5.Bd3 Nf6 6.c4 d6 7.O-O b6 8.b3 Bb7
9.Nc3 g6 10.Bb2 Bg7 11.Rc1 O-O 12.Qe2 Re8 13.Bb1 Nbd7 14.Rcd1 Qc7 15.f4 e5
16.fxe5 Nxe5 17.Kh1 Rad8 18.Nc2 Nxe4 19.Nxe4 Bxe4 20.Qxe4 Nc6 21.Qf3 Bxb2
22.Ne3 Bg7 23.Nd5 Qa7 24.Nf6+ Bxf6 25.Qxc6 Be5 26.Be4 f5 27.Bf3 Rc8 28.Qd5+ Kg7
29.a4 Rc5 30.Qd3 Qc7 31.Bd5 Qe7 32.Rf3 Rc7 33.Qe3 Rb8 34.Rdf1 b5 35.cxb5 axb5
36.a5 Rc5 37.Rd1 Rbc8 38.a6 b4 39.Bb7 Re8 40.Qe2 Rb8 41.a7 Qxb7 42.axb8=Q Qxb8
43.Qd2 Rc3 44.Qd5 Qc7 45.Rfd3 Qf7 46.Qf3 Qxb3 47.Qb7+ Kh6 48.R3d2 Qc4 49.Rb2 Rc1
50.Rb1 Rxd1+ 51.Rxd1 b3 52.Qf3 b2 53.Qf2 Qf4  0-1

[Event "Open"]
[Site "Stare Mesto CZE"]
[Date "2006.08.11"]
[Round "1"]
[White "Smid,Jan2"]
[Black "Zpevak,P"]
[Result "0-1"]
[WhiteElo "2000"]
[BlackElo "2377"]

1.e4 c5 2.Nf3 e6 3.d4 cxd4 4.Nxd4 a6 5.Bd3 Nf6 6.c3 Qc7 7.Bg5 Be7 8.Qe2 d6
9.Nd2 Nbd7 10.O-O b6 11.Rfe1 Bb7 12.f3 O-O 13.Rad1 Rfe8 14.a3 Bf8 15.Qf2 h6
16.Be3 d5 17.exd5 Nxd5 18.Be4 N7f6 19.Bb1 Nxe3 20.Qxe3 Bc5 21.b4 Bd6 22.Nf1 Rac8
23.Ne2 Bf8 24.Nfg3 g6 25.Ne4 Nxe4 26.Bxe4 Bxe4 27.Qxe4 Bg7 28.Rd3 Red8 29.Red1 Rxd3
30.Rxd3 Bf6 31.Qe3 Kg7 32.Qd2 Qc4 33.Qc2 a5 34.bxa5 bxa5 35.a4 Rb8 36.Nc1 Qc5+
37.Kf1 Qa3 38.Ne2 Rb2 39.Qd1 Ra2 40.Nc1 Ra1  0-1

[Event "San Agustin Open"]
[Site "Aviles ESP"]
[Date "2006.08.12"]
[Round "8"]
[White "Almeida Toledano,D"]
[Black "Tulay,B"]
[Result "0-1"]
[WhiteElo "2250"]
[BlackElo "2152"]

1.e4 c5 2.Nf3 e6 3.d4 cxd4 4.Nxd4 a6 5.Bd3 Qc7 6.c4 Nf6 7.O-O h5 8.Nc3 Bd6
9.Nf3 Nc6 10.Qe2 Ng4 11.h3 Bc5 12.Be3 Nxe3 13.fxe3 Ne5 14.Nxe5 Qxe5 15.Qf3 f6
16.Rae1 d6 17.Kh1 Bd7 18.a3 Bxa3 19.Ne2 Bxb2 20.Nf4 Rh6 21.Qd1 Bc3 22.Qb3 Bxe1
23.Qxb7 Rc8 24.Rxe1 g5 25.Ne2 Qa5 26.Rd1 Qc7 27.Qxa6 Rh8 28.Qa1 Ke7 29.Rf1 Rhf8
30.Nd4 Ra8 31.Qd1 h4 32.Qd2 Qa5 33.Qb2 Rab8 34.Qf2 Qc3 35.Be2 Ra8 36.Kh2 Ra3
37.Rb1 Qxe3 38.Qxe3 Rxe3 39.Rb7 Rc8 40.Bf3 Rxc4  0-1

[Event "17th Jozef Kochan Mem"]
[Site "Koszalin POL"]
[Date "2006.08.13"]
[Round "10"]
[White "Chojnowski,M"]
[Black "Jozwicki,J"]
[Result "0-1"]
[WhiteElo "2188"]
[BlackElo "2207"]

1.e4 c5 2.Nf3 e6 3.d4 cxd4 4.Nxd4 a6 5.Bd3 Bc5 6.Nb3 Ba7 7.O-O Nc6 8.Qe2 Nge7
9.Be3 Bxe3 10.Qxe3 e5 11.Nc3 O-O 12.a4 d6 13.f4 exf4 14.Rxf4 Be6 15.Raf1 Ng6
16.Rf5 Bxf5 17.exf5 Re8 18.Qg3 Nf8 19.f6 g6 20.Ne4 Re5 21.Ng5 Qb6+ 22.Kh1 Qe3
23.Nf3 Re6 24.Qh4 Ne5 25.Ng5 Nxd3 26.Nxe6 Nxe6 27.cxd3 Qxd3 28.Qg3  0-1

[Event "17th Jozef Kochan Mem"]
[Site "Koszalin POL"]
[Date "2006.08.13"]
[Round "10"]
[White "Strzemiecki,Z"]
[Black "Palosz,A"]
[Result "1-0"]
[WhiteElo "2366"]
[BlackElo "2139"]

1.e4 c5 2.Nf3 e6 3.d4 cxd4 4.Nxd4 a6 5.Bd3 Nf6 6.Qe2 d6 7.O-O g6 8.c4 Bg7
9.Nc3 b6 10.Be3 Bb7 11.f4 Nbd7 12.b4 O-O 13.Rac1 Re8 14.Nb3 d5 15.e5 dxc4
16.Bxc4 Nd5 17.Bxd5 exd5 18.Rfd1 f6 19.Nxd5 fxe5 20.Nxb6 exf4 21.Rxd7 fxe3
22.Rcc7 Be5 23.Qc4+  1-0

[Event "Open"]
[Site "Predeal ROM"]
[Date "2006.08.16"]
[Round "6"]
[White "Raducanu,A"]
[Black "Thesing,M"]
[Result "0-1"]
[WhiteElo "2157"]
[BlackElo "2401"]

1.e4 c5 2.Nf3 e6 3.d4 cxd4 4.Nxd4 a6 5.Bd3 Nf6 6.O-O Qc7 7.Nc3 Bc5 8.Nb3 Be7
9.Be3 b5 10.f4 d6 11.a3 Bb7 12.Kh1 Nbd7 13.Qe1 O-O 14.Bd2 Rfe8 15.Qg3 Rac8
16.Rae1 d5 17.exd5 Nxd5 18.Ne4 N7f6 19.Ng5 Bd6 20.Qh4 h6 21.Ne4 Nxe4 22.Bxe4 Be7
23.Qh3 Bf6 24.Rf3 Ne7 25.Bxb7 Qxb7 26.c3 Nf5 27.Rd3 Red8 28.Qf3 Qxf3 29.Rxf3 a5
30.Bc1 b4 31.axb4 axb4 32.Bd2 Ra8 33.cxb4 Bxb2 34.Bc1 Bf6 35.Na5 Rac8 36.Rb3 Rc2
37.Nb7 Rb8 38.Na5 Bd8 39.Rd3 Bh4 40.Red1 Rxb4 41.Rb3 Re4 42.Rb2 Rxb2 43.Bxb2 Rxf4
44.g3 Rf2 45.Bd4 Nxd4 46.Rxd4 Bf6 47.Rc4 h5 48.Nc6 Rd2 49.Rc5 h4 50.gxh4 Bxh4
51.Ne5 Bf6 52.Ng4 Bd4 53.Rc8+ Kh7 54.Rd8 Bc3 55.Rc8 Bb2 56.Ne3 Re2 57.Ng2 Be5
58.Rc5 Bd6 59.Rc6 Rd2 60.Rc1 g5 61.Kg1 Kg6 62.h4 g4 63.Rc4 f5  0-1

[Event "9th Open"]
[Site "Banyoles ESP"]
[Date "2006.08.17"]
[Round "1"]
[White "Fluvia Poyatos,J"]
[Black "Morcillo Ferran,J"]
[Result "1-0"]
[WhiteElo "2467"]
[BlackElo "2087"]

1.e4 c5 2.Nf3 e6 3.d4 cxd4 4.Nxd4 a6 5.Bd3 Nc6 6.Be3 Qc7 7.O-O Nf6 8.f4 d6
9.c4 Be7 10.Nc3 Bd7 11.Rc1 Nxd4 12.Bxd4 h5 13.Be2 Rc8 14.Kh1 Bc6 15.Nd5 Bxd5
16.cxd5 Qxc1 17.Qxc1 Rxc1 18.Rxc1 Kd7 19.dxe6+ fxe6 20.Bf3 Rf8 21.g3 g6 22.e5 Nd5
23.Be4 dxe5 24.Bxe5 g5 25.Bxd5 exd5 26.Rc7+ Ke6 27.Rxb7 gxf4 28.Bxf4 d4 29.Kg2 Rc8
30.Rc7 Rxc7 31.Bxc7 Kd5 32.Kf3 Kc4 33.Ke4 Bf6 34.Ba5 Be7 35.h3 Bg5 36.b3+ Kc5
37.Be1 Bf6 38.Bd2 Bg7 39.g4 hxg4 40.hxg4 Bf8 41.Bc1 Bg7 42.Ba3+ Kb5 43.g5 a5
44.Be7 a4 45.Kd3 axb3 46.axb3 Be5 47.Bf6  1-0

[Event "Open"]
[Site "Predeal ROM"]
[Date "2006.08.17"]
[Round "8"]
[White "Bonte,An"]
[Black "Itkis,B"]
[Result "1-0"]
[WhiteElo "2191"]
[BlackElo "2453"]

1.e4 c5 2.Nf3 e6 3.d4 cxd4 4.Nxd4 a6 5.Bd3 Nf6 6.O-O Qc7 7.c4 d6 8.Nc3 Be7
9.Be3 O-O 10.Rc1 Nbd7 11.f4 b6 12.b4 Bb7 13.f5 e5 14.Nd5 Qd8 15.Nb3 Rb8 16.a4 Nxd5
17.cxd5 Bg5 18.Bxg5 Qxg5 19.Rc7 Qd8 20.Qc1 Rc8 21.Rxc8 Qxc8 22.a5 Qxc1 23.Rxc1 Rc8
24.Rxc8+ Bxc8 25.axb6 Nxb6 26.Na5 g6 27.fxg6 hxg6 28.Nc6 Kf8 29.Nb8 f5 30.Kf2 fxe4
31.Bxe4 g5 32.Kg3 Kg7 33.Kf2 Kf6 34.Ke3 Ke7 35.Kd3 Bb7 36.Nc6+ Kd7 37.Bf5+ Kc7
38.Ne7 Nxd5 39.Nxd5+ Bxd5 40.g3 Bf7 41.Ke4 Kd8 42.h4 gxh4 43.gxh4 Ke7 44.Bc8 Bc4
45.Kf5 Bd3+ 46.Kg5 d5 47.h5 d4 48.h6 Kf7 49.Bb7 e4 50.Bd5+  1-0

[Event "Petrovskaja Ladja A2"]
[Site "Peterhof RUS"]
[Date "2006.08.19"]
[Round "9"]
[White "Nadjezhdin,D"]
[Black "Kozlov,O"]
[Result "1-0"]
[WhiteElo "2216"]
[BlackElo "2170"]

1.e4 c5 2.Nf3 e6 3.d4 cxd4 4.Nxd4 a6 5.Bd3 Nc6 6.Nxc6 bxc6 7.O-O d5 8.c4 Nf6
9.e5 Nd7 10.Qe2 Qh4 11.f4 Bc5+ 12.Kh1 g6 13.Nc3 O-O 14.Bd2 a5 15.Rf3 Ba6
16.Rh3 Qe7 17.b3 Bb4 18.Rf1 Rfd8 19.Be1 dxc4 20.bxc4 Nc5 21.Bh4 Qd7 22.Ne4 Nxe4
23.Qxe4 Be7 24.Bg5 Bxg5 25.fxg5 c5 26.Qh4 h5 27.gxh6 Kh7 28.Qf6 Rg8 29.Qxf7+  1-0

[Event "Stukkenjagers Weekend"]
[Site "Tilburg NED"]
[Date "2006.08.19"]
[Round "4"]
[White "Hendriks,W"]
[Black "Miezis,N"]
[Result "0-1"]
[WhiteElo "2426"]
[BlackElo "2527"]

1.e4 c5 2.Nf3 e6 3.d4 cxd4 4.Nxd4 a6 5.Bd3 Nc6 6.Nxc6 dxc6 7.O-O e5 8.Nd2 Nf6
9.a4 Bc5 10.Nc4 Qe7 11.c3 Bg4 12.Qc2 O-O 13.b4 Ba7 14.Be2 Qe6 15.Bg5 Nh5
16.g3 b5 17.Ne3 Bxe2 18.Qxe2 Qg6 19.Be7 Bxe3 20.Qxe3 Rfe8 21.Bc5 Nf6 22.f3 h5
23.a5 h4 24.g4 Rad8 25.Kh1 Rd7 26.Bb6 h3 27.Qe2 Nh7 28.Rad1 Rxd1 29.Rxd1 Qf6
30.Be3 Ng5 31.Bxg5 Qxg5 32.Qd2 Qf6 33.Qe3 Rd8 34.Rd3 Rxd3 35.Qxd3 Qg5 36.Qf1 Qh6
37.Qd1 Kh7 38.Qf1 Kg6 39.Qd1 Kh7 40.Qf1 g6 41.Qd1 Kg7 42.Qf1 Kg8 43.Qe1 Kg7
44.Qf1 Qd2 45.Qxh3 Qxc3 46.g5 Qxb4 47.Qc8 Qc4 48.Kg2 b4 49.Qb8 Qd4 50.h4 c5
51.Qb6 Qd2+ 52.Kh3 Qd7+ 53.Kg3 Qc8 54.h5 gxh5 55.Qh6+ Kg8 56.g6 fxg6 57.Qxg6+ Kf8
58.Qf6+ Ke8 59.Qxe5+ Kd8 60.Qd5+ Qd7 61.Qa8+ Ke7 62.Qxa6 Qd6+ 63.Qxd6+ Kxd6
64.a6 Kc7 65.a7 Kb7 66.e5 b3 67.e6 b2 68.e7 b1=Q 69.a8=Q+ Kxa8 70.e8=Q+ Qb8+
71.Qxb8+ Kxb8 72.f4 Kc7 73.Kh4 c4 74.f5 c3 75.f6 Kd7 76.Kxh5 c2  0-1

[Event "6th Open"]
[Site "Velika Gorica CRO"]
[Date "2006.08.19"]
[Round "1"]
[White "Kinez,I"]
[Black "Kovacevic,B"]
[Result "0-1"]
[WhiteElo "2086"]
[BlackElo "2490"]

1.e4 c5 2.Nf3 e6 3.d4 cxd4 4.Nxd4 a6 5.Bd3 Nf6 6.O-O Qc7 7.c4 Nc6 8.Nxc6 dxc6
9.f4 Bc5+ 10.Kh1 e5 11.h3 O-O 12.Nc3 Rd8 13.Qf3 exf4 14.Bxf4 Bd6 15.Rad1 Bxf4
16.Qxf4 Qxf4 17.Rxf4 Be6 18.e5 Nd7 19.Rd4 Kf8 20.Bc2 Ke7 21.Re1 Nc5 22.Rxd8 Rxd8
23.b3 Rd2 24.Bb1 b5 25.cxb5 cxb5 26.b4 Na4 27.Ne4 Rb2 28.a3 Rb3 29.Ba2 Rxa3
30.Bxe6 fxe6 31.Nd6 Rb3 32.Rf1 Rxb4 33.Rf7+ Kd8 34.Rxg7 Nc5 35.Rxh7 Rb1+
36.Kh2 b4 37.Rh8+ Kd7 38.Rc8 b3 39.Rb8 Re1 40.Nc4 Kc7 41.Rg8 Re4 42.Rg7+ Kc6
43.Nd2 Rxe5 44.Rg3 b2 45.Nc4 b1=Q 46.Nxe5+ Kd5 47.Nf3 Qb8 48.Ng5 Qf4 49.h4 Qxh4+
50.Nh3 a5 51.Rg5+ e5 52.g3 Qh6 53.Kg2 a4  0-1

[Event "6th Open"]
[Site "Velika Gorica CRO"]
[Date "2006.08.22"]
[Round "5"]
[White "Purgar,I"]
[Black "Devcic,D"]
[Result "1-0"]
[WhiteElo "1957"]
[BlackElo "2287"]

1.e4 c5 2.Nf3 e6 3.d4 cxd4 4.Nxd4 a6 5.Bd3 Nf6 6.O-O d6 7.Qe2 g6 8.c4 Bg7
9.Nc3 O-O 10.Nf3 Nc6 11.Rd1 Qc7 12.h3 Nd7 13.Be3 b6 14.Rac1 Bb7 15.Bb1 Nce5
16.Nxe5 Nxe5 17.b3 Rab8 18.f4 Nc6 19.Qd2 Rfd8 20.f5 Be5 21.Qf2 Ba8 22.f6 Rd7
23.Qh4 Qd8 24.Rf1 b5 25.cxb5 axb5 26.Bh6 Nd4 27.Kh1 b4 28.Nd1 Ne2 29.Ne3 Ng3+
30.Kg1 Qb6 31.Rf2 Nh5 32.Nc4 Qd8 33.Nxe5 dxe5 34.Rff1 Rd3 35.Bxd3 Qxd3 36.Rfd1 Qa6
37.Rd2 Bc6 38.Rcd1 Qa7+ 39.Kh2 Qa8 40.Be3 Re8 41.Bc5 Bxe4 42.Be7 Bd5 43.g4 Qb8
44.gxh5 e4+ 45.Qg3 Qb6 46.hxg6 hxg6 47.Re1 Qa7 48.Qf4 Rxe7 49.fxe7 Qxe7 50.Rc2 e5
51.Qh6 Be6 52.Rd1 Qf6 53.Rcd2 Qf4+ 54.Qxf4 exf4 55.Rd4 f5 56.Rxb4 Kf7 57.h4 Kf6
58.a4 e3 59.Kg2 Ke5 60.Kf3  1-0

[Event "6th Open"]
[Site "Velika Gorica CRO"]
[Date "2006.08.24"]
[Round "7"]
[White "Kinez,I"]
[Black "Devcic,D"]
[Result "0-1"]
[WhiteElo "2086"]
[BlackElo "2287"]

1.e4 c5 2.Nf3 e6 3.d4 cxd4 4.Nxd4 a6 5.Bd3 Nf6 6.O-O d6 7.c4 g6 8.Nc3 Bg7
9.Bg5 Nbd7 10.Qd2 h6 11.Bh4 O-O 12.Bg3 Ne5 13.Be2 Qc7 14.b3 b6 15.f4 Ned7
16.Bf3 e5 17.Nde2 b5 18.cxb5 axb5 19.Rac1 b4 20.Na4 Qb8 21.Rfd1 Ne8 22.Rc4 exf4
23.Bxf4 g5 24.Rxb4 Qa7+ 25.Be3 Qa5 26.Nd4 Ne5 27.Rb5 Qxd2 28.Rxd2 Nf6 29.Nc3 Ba6
30.Rb6 Rfc8 31.Nd5 Rc1+ 32.Rd1 Nxf3+  0-1

[Event "VII Open"]
[Site "Tarragona ESP"]
[Date "2006.08.25"]
[Round "7"]
[White "Timoshenko,G"]
[Black "Gutierrez Jimenez,J"]
[Result "1-0"]
[WhiteElo "2550"]
[BlackElo "2276"]

1.e4 c5 2.Nf3 e6 3.d4 cxd4 4.Nxd4 a6 5.Bd3 Qc7 6.O-O Nf6 7.Kh1 d6 8.f4 Nbd7
9.Nc3 b5 10.a3 Bb7 11.Qe2 Be7 12.Bd2 O-O 13.Rae1 Rfd8 14.Rf3 Nc5 15.Rh3 Bf8
16.Nf3 e5 17.b4 Ne6 18.f5 Nf4 19.Bxf4 exf4 20.Nd1 Re8 21.Nf2 Qc3 22.Ng5 h6
23.Bxb5 Qc7 24.Bxe8 Rxe8 25.Nf3 Nxe4 26.Nxe4 Rxe4 27.Qd2 d5 28.c3 Be7 29.Nd4 Bf6
30.Rf3 Be5 31.h3 Qd7 32.Rxe4 dxe4 33.Rxf4 Bxf4 34.Qxf4 Kh7 35.Kh2 Bd5 36.Nc2 Bc6
37.Nd4 Bd5 38.f6 g5 39.Qf5+ Qxf5 40.Nxf5 Be6 41.Ne7 e3 42.Kg3 Bc4 43.Kf3 e2
44.Kf2 h5 45.a4 g4 46.h4 g3+ 47.Ke1 Bd3 48.Nd5 Bc2 49.Nf4 Bxa4 50.Kxe2  1-0

[Event "3rd Dato Arthur Tan"]
[Site "Kuala Lumpur MAS"]
[Date "2006.08.26"]
[Round "9"]
[White "Sukandar,I"]
[Black "Amrutha,M"]
[Result "1-0"]
[WhiteElo "2237"]
[BlackElo "2146"]

1.e4 c5 2.Nf3 e6 3.d4 cxd4 4.Nxd4 a6 5.Bd3 Bc5 6.Nb3 Ba7 7.c4 d6 8.Nc3 Nc6
9.Qe2 e5 10.Be3 Nge7 11.O-O O-O 12.Rad1 Be6 13.Bxa7 Rxa7 14.Qe3 Ng6 15.Nd5 a5
16.a4 b5 17.Be2 Qb8 18.Rd2 Rd8 19.Rfd1 Rb7 20.g3 Nf8 21.Nc3 Rbd7 22.Nxb5 Nb4
23.f4 f5 24.Nc3 fxe4 25.Qxe4 exf4 26.Nd4 Bf7 27.Qxf4 Ng6 28.Qg5 Ne5 29.Nf5 Ng6
30.h4 Be6 31.Nd4 Bf7 32.Nf5 Be6 33.Bg4 Ne5 34.Nxg7 Bxg4 35.Nf5+ Ng6 36.Qxg4 Kh8
37.Qg5 Rf7 38.Nxd6 Rff8 39.Nf7+ Kg7 40.Rxd8 Rxd8 41.Nxd8  1-0

[Event "VII Open"]
[Site "Tarragona ESP"]
[Date "2006.08.27"]
[Round "9"]
[White "Spraggett,K"]
[Black "Flores,Di"]
[Result "1-0"]
[WhiteElo "2577"]
[BlackElo "2514"]

1.e4 c5 2.Nf3 e6 3.d4 cxd4 4.Nxd4 a6 5.Bd3 g6 6.c4 Bg7 7.Nb3 d6 8.Nc3 Nd7
9.O-O Qc7 10.Bf4 Ne5 11.Rc1 b6 12.Re1 Nf6 13.Bf1 O-O 14.Nd2 Bb7 15.h3 Rac8
16.b4 Rfe8 17.a3 Bf8 18.Bg5 Be7 19.Be3 Ned7 20.Bd4 Qb8 21.Qb3 Rc7 22.Na2 Rec8
23.Bb2 Bc6 24.Qe3 b5 25.Nc3 bxc4 26.Nxc4 Bb5 27.Nxb5 axb5 28.Na5 d5 29.Rxc7 Rxc7
30.exd5 Nxd5 31.Qd3 Bf6 32.Bxf6 N7xf6 33.Qxb5 Qa7 34.Qe2 Rc3 35.Nc4 Nh5 36.Qe5 Nhf4
37.Re4 Nh5 38.Qd4 Qc7 39.Re1 Nhf4 40.b5 Qb8 41.a4 Rb3 42.Ne5 Qa8 43.Nc6 Ra3
44.a5 Ra2 45.a6 Ra3 46.Ra1  1-0